Online
Catalog

Estoy en Puertomarte sin Hilda y otros cuentos / (Record no. 43517)

MARC details
000 -CABECERA
campo de control de longitud fija 00785nam a2200217 a 4500
001 - NÚMERO DE CONTROL
campo de control 000044028
005 - FECHA Y HORA DE LA ÚLTIMA TRANSACCIÓN
campo de control 20201002045113.0
008 - DATOS DE LONGITUD FIJA--INFORMACIÓN GENERAL
campo de control de longitud fija 140513s1972 sp 000 c spa d
040 ## - FUENTE DE LA CATALOGACIÓN
Centro catalogador/agencia de origen DO-SdBNP
Lengua de catalogación spa
Centro/agencia transcriptor BNPHU
041 17 - CÓDIGO DE LENGUA
Código de lengua del texto/banda sonora o título independiente spa
Código de lengua original eng
082 ## - NÚMERO DE LA CLASIFICACIÓN DECIMAL DEWEY
Número de clasificación xxxx
Número de documento/Ítem xxxx
100 1# - ENTRADA PRINCIPAL--NOMBRE DE PERSONA
Nombre de persona Asimov, Isaac,
Fechas asociadas al nombre 1920-1992.
9 (RLIN) 13328
240 10 - TÍTULO UNIFORME
Título uniforme Asimov's mysteries.
Lenguaje de la obra Español
245 10 - MENCIÓN DE TÍTULO
Título Estoy en Puertomarte sin Hilda y otros cuentos /
Mención de responsabilidad, etc. Isaac Asimov ; traductor Antonio Alférez.
260 ## - PUBLICACIÓN, DISTRIBUCIÓN, ETC.
Lugar de publicación, distribución, etc. Madrid :
Nombre del editor, distribuidor, etc. Alianza,
Fecha de publicación, distribución, etc. 1972.
300 ## - DESCRIPCIÓN FÍSICA
Extensión 234 p. ;
Dimensiones 18 cm.
490 1# - MENCIÓN DE SERIE
Mención de serie El libro de bolsillo
-- literatura
Designación de volumen o secuencia 366
500 ## - NOTA GENERAL
Nota general Incluye datos biográficos del autor en la solapa de la contracubierta
700 12 - PUNTO DE ACCESO ADICIONAL--NOMBRE DE PERSONA
Nombre de persona Alférez, Antonio
Fechas asociadas al nombre 1942-
Término indicativo de función/relación tr.
9 (RLIN) 72007
830 #0 - PUNTO DE ACCESO ADICIONAL DE SERIE-TÍTULO UNIFORME
Título uniforme El Libro de bolsillo ;
Nombre de parte o sección de la obra literatura
Número de parte o sección de la obra 366
9 (RLIN) 72008
Holdings
Estado de retiro Estado de pérdida Restricciones de uso No para préstamo Código de colección Localización permanente Ubicación/localización actual Ubicación en estantería Fecha de adquisición Número de inventario Total de préstamos Signatura topográfica completa Código de barras Fecha visto por última vez Precio válido a partir de Tipo de ítem Koha
      Excluido de préstamo Monografías: Libros y Folletos General General En catalogación 13.05.2014 LF1   xxxx xxxx 44028-10 25.06.2020 25.06.2020 No se presta

Powered by Koha